Jediný cukrovar na svete

Bibliographic Details
Main Author: Kováčová, Ivanka (Author)
Format: Article
Language:Slovak
PhysicalDescription:Obr. 8.
Subjects:

MARC

LEADER 00000nab a2200000 a 4500
001 vtls000231261
003 SK-MaSNL
005 20260302213419.0
008 111130c1985 xo 0 slo
015 |a SNBRB19rr/mm-uuuuu 
035 |a CL0241375 
040 |a SNKBUCL  |b slo  |c SNKBUCL  |e AACR2 
041 0 |a slo 
044 |a xo  |c SK 
080 |a 664.1  |2 1981 
100 1 |a Kováčová, Ivanka  |4 aut  |9 921368 
245 1 0 |a Jediný cukrovar na svete  |c Ivanka Kováčová 
300 |b Obr. 8. 
650 0 7 |a Xylóza  |2 snkbucl  |9 939319 
655 7 |a články z novín a časopisov  |2 snkbucl  |9 267496 
773 0 |t Elektrón  |g Roč. 13, č. 10 (1985), s. 29-31 
850 |a Slovenská národná knižnica v Martine  |a MTA001 
852 |a SNK  |b KIS3GCP 
958 |a RK 
992 |a RBX 
999 |c 1493513  |d 1495443